| 000 | 00528nam a2200157Ia 4500 | ||
|---|---|---|---|
| 003 | GCL | ||
| 008 | 140319s9999 xx 000 0 ara d | ||
| 040 |
_aGCL / _cGCL |
||
| 082 | 0 | 4 |
_aد _b050 _bد هـ |
| 245 | 1 | 0 | _aيوميات فنان مصر فى باريس ( الهلال مارس 1969 ) |
| 260 |
_aالقاهرة : _bدار الهلال للطباعة والنشر ، _c1969 |
||
| 650 | 0 | 4 | _aالشعر اليونانى |
| 650 | 0 | 4 | _aالمقالات العربية |
| 650 | 0 | 4 | _aالفنون الشعبية |
| 942 |
_2ddc _cCR |
||
| 999 |
_c6727 _d6727 |
||